=LDR 00000nam 2200000 4500 =001 INLIS000000000028509 =005 20130612130817 =008 ***********************************Ind** =035 ##$$0010-061300000028509 =041 ##$$a Ind =082 ##$$a 363.739 4 =090 ##$$a 363.739 4, Rya p =100 ##$$a Ryadi, Slamet =245 ##$$a Pencemaran air, dasar-dasar dan pokok-pokok penanggulangannya, Slamet Ryadi =260 ##$$a 1984 $b Surabaya =300 ##$$a vii, 135 hlm, ilus, 20 cm =650 ##$$a Air - Pencemaran =850 ##$$a NBPNMAT